000
00293nam a2200121Ia 4500
005
20251222154343.0
008
251222s9999||||xx |||||||||||||| ||spa||
020
_a
84-362-1499-4
082
_a
330/V72/T.1
100
_a
"Vivas, Ángel"
245
0
_a
Estructura Económica Mundial
942
_c
LIB
999
_c
34603
_d
34603